O peixe-menino (Record no. 15767)
[ view plain ]
| 000 -Etiqueta do registo | |
|---|---|
| Valores | 00372nam a2200145 4500 |
| 021 ## - Número do Depósito Legal | |
| Número | 159488/00 |
| 100 ## - Dados gerais de processamento | |
| Dados gerais | 20230912 pory50 |
| 200 ## - Titulo e menção de responsabilidade | |
| Título próprio | O peixe-menino |
| Primeira menção de responsabilidade | João Ferreira |
| 210 ## - Publicação | |
| Local de publicação | [S.N.] |
| Nome do editor | Grafitimbre |
| Data de publicação | 202? |
| 215 ## - Descrição física | |
| Paginação / Volumes | 65 p. |
| Outras indicações físicas | todo il. |
| 225 ## - Colecção | |
| Título próprio da colecção | Série B - Histórias para crianças) |
| 801 ## - Fonte de origem | |
| País | PT |
| Agência | BMA |
| Regras de catalogação | RPC |
| 990 ## - Elementos KOHA | |
| Tipo de documento | Livro |
| Situação do levantamento | Estado | Biblioteca de origem | Código de barras | Cota | Permissão de empréstimo | Tipo de documento | Forma de aquisição |
|---|---|---|---|---|---|---|---|
| Biblioteca Municipal do Alandroal | C17849/22 | 087,5 FER | Livro | Compra |